Statistics for New Zealand by Picture

Click here to take the quiz!

General Stats

  • This quiz has been taken 88 times
  • The average score is 12 of 15

Answer Stats

Answer% Correct
Kiwi
100%
Auckland
92%
Maori
92%
North Island
91%
All Blacks
88%
The Hobbit
79%
Aoraki
78%
Edmund Hillary
78%
{British} Empire
76%
Moa
68%
Pavlova
68%
Southern Alps
68%
Sky Tower
64%
Bay of {Islands}
58%
Niue
54%

Score Distribution

Percentile by Number Answered

Percent of People with Each Score

Your Score History

You have not taken this quiz